Loading...
| History - American | 0 | 5 | 0 | 0 | 50 | 85 | 105.80 | 2 | 4 | 0.00 | 0.00 |
| Philosophy | 1 | 3 | 0 | 0 | 45 | 54 | 115.00 | 1 | 3 | 0.00 | 0.00 |
| Religion | 0 | 3 | 0 | 1 | 30 | 103 | 123.00 | 0 | 1 | 0.00 | 0.00 |
| Fine Arts - Visual | 0 | 3 | 0 | 0 | 30 | 75 | 117.67 | 1 | 3 | 0.00 | 0.00 |
| Literature - American | 1 | 2 | 1 | 0 | 30 | 83 | 110.67 | 2 | 2 | 0.00 | 0.00 |
| History - Ancient/Other | 0 | 3 | 1 | 0 | 25 | 85 | 103.00 | 0 | 3 | 0.00 | 0.00 |
| Other Academic | 1 | 1 | 0 | 0 | 25 | 64 | 76.00 | 0 | 2 | 0.00 | 0.00 |
| History - European | 0 | 2 | 1 | 0 | 15 | 76 | 80.00 | 1 | 2 | 0.00 | 0.00 |
| Social Science | 0 | 1 | 0 | 0 | 10 | 108 | 108.00 | 0 | 0 | 0.00 | 0.00 |
| Fine Arts - Other | 0 | 1 | 0 | 1 | 10 | 127 | 127.00 | 0 | 0 | 0.00 | 0.00 |
| History - World | 1 | 0 | 1 | 0 | 10 | 62 | 62.00 | 0 | 1 | 0.00 | 0.00 |
| Literature - British | 0 | 2 | 2 | 0 | 10 | 121 | 127.00 | 0 | 2 | 0.00 | 0.00 |
| Current Events | 0 | 1 | 0 | 0 | 10 | 102 | 102.00 | 0 | 0 | 0.00 | 0.00 |
| Literature - European | 0 | 1 | 1 | 0 | 5 | 145 | 145.00 | 0 | 1 | 0.00 | 0.00 |
| Literature - World | 0 | 1 | 1 | 0 | 5 | 112 | 112.00 | 0 | 0 | 0.00 | 0.00 |
| Fine Arts - Auditory | 0 | 0 | 0 | 0 | 0 | 0.00 | 0 | 0 | 0.00 | 0.00 | |
| Science - Biology | 0 | 0 | 1 | 0 | -5 | 0.00 | 0 | 0 | 0.00 | 0.00 | |
| Science - Other | 0 | 0 | 1 | 0 | -5 | 0.00 | 0 | 0 | 0.00 | 0.00 |